000 00268nam a2200109Ia 4500
008 200302s9999 xx 000 0 und d
100 _aMukta Mittal
245 _aRural Development in India
260 _bAnmol Publications Pvt. Ltd.
260 _c1995
300 _a176 P.,
999 _c5519
_d5519